000 00896cab a22002655a 4500
001 L159093
008 120731s2015 xxk f s 000 0 eng d
035 _a(Sirsi) u159093
041 0 _aeng
100 1 _aStone, Angus
245 0 0 _aWhite paper
_bConstruction fire alarm law explained
260 _c2015
490 0 _aBuilding Engineer
_v91(1) January 2015, 12-13(2)
520 _aOffers an explanatory guide to the legislative background and standardised requirements for fire alarm systems intended for a construction site environment.
590 _aKA
650 2 4 _aMANAGEMENT-HEALTH AND SAFETY-FIRE SAFETY
650 2 4 _aREGULATORY REFORM (FIRE SAFETY) ORDER 2005
650 2 4 _aBS 5839-1: 2013
650 2 4 _aEN 54
650 2 4 _aCDM 2015
651 4 _aUnited Kingdom
_y
690 _aHealth and safety
_96244
710 _aAssociation of Building Engineers.
_91804
942 _n0
999 _c84799
_d84799